=LDR 00000nam 2200000 4500 =001 INLIS000000000036292 =005 20220329021607 =035 ##$$a 0010-061300000036292 =008 220329################g##########0#ind## =041 ##$$a Ind =082 ##$$a 813 =090 ##$$a 813.097 2, Har k =100 ##$$a Harris, M.G =245 1#$$a Kejutan di gunung es, : $b /$c M.G Harnis =260 ##$$a Jakarta :$b PT. Gramedia,$c 2010 =300 ##$$a 367 hlm, ; $c 18 cm =650 #4$$a Fiksi Misteri =850 ##$$a NBPNMAT =020 ##$$a 9789792264944 =084 ##$$a 813 Har k =990 ##$$a 21111523 =990 ##$$a 0001/BPAP-NTB/2015 =990 ##$$a 0001/BPAP-NTB/2016 =990 ##$$a 21100640 =990 ##$$a 21111524 =990 ##$$a 21111523 =990 ##$$a 0001/BPAP-NTB/2015 =990 ##$$a 0001/BPAP-NTB/2016